Vista normal
Vista MARC
Entrada Corporate Name
Número de registros utilizados en: 1
001 - CONTROL NUMBER
- control field: 5577
003 - CONTROL NUMBER IDENTIFIER
- control field: DLC
005 - DATE AND TIME OF LATEST TRANSACTION
- control field: 20230303124139.0
008 - FIXED-LENGTH DATA ELEMENTS
- fixed length control field: 170906 a|ac|n|aab||||||||||||a |n|||||||
010 ## - LIBRARY OF CONGRESS CONTROL NUMBER
- LC control number: 81037147
040 ## - CATALOGING SOURCE
- Original cataloging agency: DLC
- Language of cataloging: spa
- Description conventions: rda
- Transcribing agency: Mx-PuUPA
- Modifying agency: DLC
- Modifying agency: Mx-PuUPA
110 2# - HEADING--CORPORATE NAME
- Corporate name or jurisdiction name as entry element: Pontificia Universidad Javeriana,
374 ## - OCCUPATION
- Occupation: Autor
377 ## - ASSOCIATED LANGUAGE
- Language code: spa
- Source of code: MARC code list for languages
410 1# - SEE FROM TRACING--CORPORATE NAME
- Corporate name or jurisdiction name as entry element: Bogotá
- Subordinate unit: Universidad Javeriana
410 2# - SEE FROM TRACING--CORPORATE NAME
- Corporate name or jurisdiction name as entry element: Universidad Javeriana
410 2# - SEE FROM TRACING--CORPORATE NAME
- Corporate name or jurisdiction name as entry element: Colegio de San Bartolomé
410 2# - SEE FROM TRACING--CORPORATE NAME
- Corporate name or jurisdiction name as entry element: Colegio de San Bartolomé y Universidad Javeriana
410 2# - SEE FROM TRACING--CORPORATE NAME
- Corporate name or jurisdiction name as entry element: Universidad Católica Javeriana
410 2# - SEE FROM TRACING--CORPORATE NAME
- Corporate name or jurisdiction name as entry element: Pontificia Universidad Católica Javeriana
410 1# - SEE FROM TRACING--CORPORATE NAME
- Corporate name or jurisdiction name as entry element: Bogotá (Colombia).
- Subordinate unit: Pontificia Universidad Javeriana
410 1# - SEE FROM TRACING--CORPORATE NAME
- Corporate name or jurisdiction name as entry element: Bogotá (Colombia).
- Subordinate unit: Universidad Javeriana
410 1# - SEE FROM TRACING--CORPORATE NAME
- Corporate name or jurisdiction name as entry element: Bogotá (Colombia).
- Subordinate unit: Colegio de San Bartolomé
670 ## - SOURCE DATA FOUND
- Source citation: El Colegio de sa Bartolomé ...
670 ## - SOURCE DATA FOUND
- Source citation: Biblioteca del congreso (Estados Unidos), 06 septiembre 2017:
- Information found: catálogo electrónico
- Uniform Resource Identifier: https://goo.gl/HXir8p